| 000 | 00470nam a2200157Ia 4500 | ||
|---|---|---|---|
| 008 | 210716s2003 xx 000 0 und d | ||
| 020 | _a1403911037 | ||
| 041 | _aeng | ||
| 082 | _a374.22 CHAM | ||
| 100 | _aChaudhuri, Malay;Chaudhuri, Arindam. | ||
| 245 |
_aGreat Indian dream: restoring pride to a nation betrayed. _bRestoring pride to a nation betrayed. |
||
| 250 | _a1 | ||
| 260 |
_aNew Delhi _bMacmillan _c2003 |
||
| 300 | _axx,251 | ||
| 650 | _aGeneral Management | ||
| 999 |
_c199183 _d199183 |
||